000 01064nam a22002297a 4500
999 _c19044
_d19044
003 AR-CdUCM
008 190516b ||||| |||| 00| 0 spa d
040 _aMUNICIPALIDAD PROVINCIAL DEL CUSCO
_cBIBLIOTECA MUNICIPAL DEL CUSCO
082 _a987.041 /
_bSA21
100 _aSan Cristóval, Evaristo
_940110
245 _aVida romántica de Simón Bolívar :
_bManuela Sáenz, la libertadora del libertador /
260 _aLima :
_bInstituto Histórico del Perú,
_c1958.
300 _a56 páginas ;
_bláminas, retratos,
_c25.5 cm.
500 _aDespués del titulo, "Del Instituto Histórico del Perú y del Centro de Estudios Histórico-Militares, Institutos Sanmartiniano y Libertador Ramón Castilla..."
505 _aContenido: Simón Bolívar el libertador -- Manuela Sáenz la libertadora del libertador -- Vida romántica de Simón Bolívar -- Manuela Sáenz.
650 _aBolívar, Simón
_911411
650 _aLibertadores
_912898
650 _aBiografía
_922
700 _aLecuna, Vicente
_93098
942 _2ddc
_cLIBROS
945 _aachl
_d2019-05-16